| 000 | 00679nam a22002057a 4500 | ||
|---|---|---|---|
| 003 | OSt | ||
| 005 | 20260210070631.0 | ||
| 008 | 260120b |||||||| |||| 00| 0 eng d | ||
| 040 |
_aDWC-Main lib _cOC |
||
| 082 | _aFil. 332.024 C955p 2005 | ||
| 100 | _aCruz,Efren Ll. | ||
| 245 |
_aPwede na! The complete pinoy to personal finance/ _cEfren Ll. Cruz |
||
| 260 |
_a[place of publication not Identified]: _bPlaty Publishing Inc., _cc2005. |
||
| 300 |
_a141 pages : _billustrations ; _c23cm. |
||
| 504 | _aIncludes appendices | ||
| 650 | _a1. Estate planning | ||
| 650 | _a2. Retirees-- Finance | ||
| 650 | _a3. Retirement-- Planning | ||
| 942 |
_2ddc _cBK - FIL _kFil. _n0 |
||
| 999 |
_c7607 _d7607 |
||